000 00289nam a2200121Ia 4500
008 230303s9999 xx 000 0 und d
041 _aeng
082 _a621.31924 MUL
100 _aMULLIN (RAY C.)
245 _aElectric Wiring Residential
260 _aNew Delhi
_bDELMAR
365 _cRS
999 _c179393
_d179393